000 00659nam1a22002051i 4500
001 rc\3366705
005 20240726003522.0
035 _a(NLR Aleph) 007445071
090 _a7156756
_c7156756
100 _a20130115d1973 |||y0rusy50 ca
101 0 _arus
102 _aRU
105 _ay z |||||
200 1 _aИстория всемирной литературы
_eДля обсуждения
_eТ. 3-
_fАН СССР. Ин-т мировой литературы имени А.М. Горького
210 _aМосква
_cНаука
_d1973
215 _d22
801 0 _aRU
_bNLR
_gpsbo
801 1 _aRU
_bELAR
_2rusmarc
852 _aNLR
_j73-5/1441
942 _cBOOK